000 01027nam a2200289 a 4500
001 65963
003 BD-RjUL
005 20211209081503.0
008 170313s1994 nyua b 001 0 eng d
020 _a0824791819 (acidfree paper)
035 _a(BD-RjUL)66093
040 _aDLC
_cDLC
_dDLC
_dBD-RjUL
_beng
041 _aeng
082 0 0 _223
_a006.32
_bWUN 1994
100 1 _aWu, Jian-Kang,
_d1947-
_9195090
245 1 0 _aNeural networks and simulation methods /
_cJian-Kang Wu.
260 _aNew York :
_bM. Dekker,
_cc1994.
300 _axiv, 431 p. :
_bill. ;
_c24 cm.
504 _aIncludes bibliographical references and index.
650 0 _aNeural networks (Computer science)
_9195054
650 0 _aComputer simulation.
_9195092
830 _aElectrical engineering and electronics ;
_v87.
_9195116
856 4 2 _3Publisher description
_uhttp://www.loc.gov/catdir/enhancements/fy0647/93038085-d.html
942 _2ddc
_cBK
999 _c65963
_d65963